I prefer really not to speak. If I speak I’m in big trouble

Ali Hamzeh, Vedul Palavajjhala, Connor Blake, Cole Hartung


Beliefs615.00100%50%0%
Fine Arts - Classical Music and Opera410.0075%25%0%
Fine Arts - Other Fine Arts210.00100%0%0%
Fine Arts - Visual Fine Arts210.00100%0%0%
History - European History520.00100%60%40%
History - Other History415.0075%50%25%
History - US History714.2986%43%14%
History - World History611.67100%17%0%
Literature - American Literature68.3383%0%0%
Literature - British Literature210.00100%0%0%
Literature - European Literature68.3383%0%0%
Literature - World Literature310.00100%0%0%
Modern World310.0067%33%0%
Other Academic313.3367%67%0%
Philosophy68.3367%17%0%
Science - Biology58.0060%20%0%
Science - Chemistry316.6767%100%0%
Science - Earth Science20.000%0%0%
Science - Other Science68.3367%17%0%
Science - Physics417.5075%75%25%
Social Science45.0050%0%0%